[Event "CHN Team Men 2016"]
[Site "Wuxi CHN"]
[Date "2016.08.03"]
[Round "8.3"]
[Board "1"]
[White "Li, Chao b"]
[Black "Wan, Yunguo"]
[Result "1/2-1/2"]
[WhiteTitle "GM"]
[BlackTitle "GM"]
[WhiteElo "2758"]
[BlackElo "2481"]
[WhiteTeam "Beijing Beiao"]
[BlackTeam "Hebei Ticai"]
[WhiteFideId "8604436"]
[BlackFideId "8603189"]
[EventDate "2016.07.28"]

1. d4 Nf6 2. c4 e6 3. Nc3 Bb4 4. Nf3 O-O 5. Bg5 d5 6. e3 h6 7. Bxf6 Qxf6 8. Rc1
Rd8 9. Qb3 Nc6 10. cxd5 exd5 11. Bb5 Qg6 12. O-O Bxc3 13. Qxc3 Bh3 14. Ne1 Rd6
15. Qb3 Re8 16. Bd3 Qg5 17. Kh1 Bc8 18. Nf3 Qd8 19. Bb5 Ree6 20. Qc3 a6 21. Be2
Re7 22. b4 Nb8 23. a4 Rc6 24. Qb2 Bf5 25. b5 Rxc1 26. Rxc1 axb5 27. axb5 Nd7 28.
Qa3 Nf6 29. Ne5 Ne4 30. Kg1 Nd6 31. Qc5 Ne4 32. Qa7 Nd6 33. h3 Kh7 34. Qa2 Be6
35. Bd3+ Kg8 36. Qa7 Qe8 37. Qc5 Qd8 38. Ra1 Re8 39. Qc2 Qe7 40. Qc5 Rc8 41. Kh2
Qf6 42. f4 Qd8 43. Qc2 f6 44. Nf3 Qd7 45. Qc5 c6 46. bxc6 Qxc6 47. Qxc6 Rxc6 48.
Rb1 Rc3 49. Rb6 Rxd3 50. Rxd6 Rxe3 51. Rb6 Bf5 52. Nh4 Bc8 53. Rd6 g5 54. fxg5
hxg5 55. Rd8+ Kf7 56. Rxc8 gxh4 57. Rd8 b5 58. Rxd5 b4 59. Rb5 b3 60. d5 Ke7 61.
Rb6 Kd7 62. Kg1 Kc7 63. Rb5 Kd6 64. Kf2 Rc3 65. Ke2 Rc2+ 66. Kf3 b2 67. g3 hxg3
68. Kxg3 Ke5 69. h4 f5 70. Kf3 Rh2 71. h5 Rxh5 72. d6+ Kxd6 73. Rxb2 Ke5 1/2-1/2

[Event "CHN Team Men 2016"]
[Site "Wuxi CHN"]
[Date "2016.08.03"]
[Round "8.4"]
[Board "1"]
[White "Dai, Changren"]
[Black "Wang, Yiye"]
[Result "1/2-1/2"]
[BlackTitle "IM"]
[WhiteElo "2351"]
[BlackElo "2450"]
[WhiteTeam "Tianjing Chunhua"]
[BlackTeam "Heilongjiang Qipai"]
[WhiteFideId "8608156"]
[BlackFideId "8606021"]
[EventDate "2016.07.28"]

1. e4 e6 2. d4 d5 3. Nc3 Nf6 4. e5 Nfd7 5. f4 c5 6. Nf3 Nc6 7. Be3 cxd4 8. Nxd4
Qb6 9. Qd2 Qxb2 10. Rb1 Qa3 11. Bb5 Nxd4 12. Bxd4 a6 13. Bxd7+ Bxd7 14. Rb3 Qe7
15. Rxb7 Qd8 16. Bb6 Qc8 17. Rc7 Qd8 18. Rb7 Qc8 19. Rc7 Qd8 20. Qd4 Rb8 21. Rb7
Qc8 22. Rc7 Qd8 23. Rb7 Qc8 24. Rc7 Qd8 1/2-1/2

[Event "CHN Team Men 2016"]
[Site "Wuxi CHN"]
[Date "2016.08.03"]
[Round "8.5"]
[Board "1"]
[White "Lin, Yi"]
[Black "Xu, Xiangyu"]
[Result "1/2-1/2"]
[WhiteElo "2119"]
[BlackElo "2466"]
[WhiteTeam "Shenzhen Qiyuan"]
[BlackTeam "Chengdu"]
[WhiteFideId "8609659"]
[BlackFideId "8608288"]
[EventDate "2016.07.28"]

1. d4 Nf6 2. c4 g6 3. Nc3 d5 4. Nf3 Bg7 5. cxd5 Nxd5 6. e3 O-O 7. Bc4 Nb6 8. Bb3
c5 9. O-O Bg4 10. dxc5 N6d7 11. Na4 Na6 12. c6 bxc6 13. h3 Bxf3 14. Qxf3 Ne5 15.
Qe2 Qd3 16. Qxd3 Nxd3 17. Bc4 Nac5 18. Nxc5 Nxc5 19. Bd2 Rab8 20. Rab1 Bxb2 21.
Ba5 Ne4 22. Ba6 Nc5 23. Bc4 Rfc8 24. Rfd1 Be5 25. Bb4 Na4 26. Ba6 Re8 27. Ba5
Nc5 28. Bc4 Nb7 29. Bb4 c5 30. Ba3 Nd6 31. Ba6 Rb6 32. Rxb6 axb6 33. Rb1 Ne4 34.
f3 Bc7 35. fxe4 Ra8 36. Bxc5 bxc5 37. Bc4 Ra3 38. Rb7 Bg3 39. Rb3 Rxa2 40. Rb8+
Bxb8 41. Bxa2 e6 42. Kf2 Kf8 43. Bc4 Ke7 44. Bb5 h6 45. Ke2 Bh2 46. Kf2 Be5 47.
Ke2 Bd6 48. Kd3 g5 49. Kc4 Kf6 50. Be8 Ke7 51. Ba4 Kf6 52. Be8 Ke7 53. Ba4 f6
54. Bd1 Kd7 55. e5 fxe5 56. e4 Be7 57. Bg4 Kd6 58. Bh5 Bf6 59. Bg4 Bg7 60. Bh5
Bf8 61. Bg4 Be7 62. Bh5 Bd8 63. Bg4 Ba5 64. Bh5 Bd2 65. Bg4 Be3 66. Bh5 Ke7 67.
Bg4 Kf6 68. Bh5 Bg1 69. Bg4 Bd4 70. Bh5 g4 71. Bxg4 Kg5 72. Bxe6 Kf4 73. Bf5 Kg3
74. Bg6 Bf2 75. Bf5 Kxg2 76. Bg4 Kg3 77. Bf5 Kf4 78. Kd3 Bd4 79. Kc4 h5 80. Kd3
h4 81. Kc4 Kg5 82. Kd3 Kf4 83. Kc4 Kg5 84. Kd3 Kf4 1/2-1/2

[Event "CHN Team Men 2016"]
[Site "Wuxi CHN"]
[Date "2016.08.03"]
[Round "8.6"]
[Board "1"]
[White "Ma, Ling"]
[Black "Zeng, Chongsheng"]
[Result "0-1"]
[BlackTitle "GM"]
[WhiteElo "1951"]
[BlackElo "2552"]
[WhiteTeam "Shaanxi"]
[BlackTeam "Guangdong"]
[WhiteFideId "8610533"]
[BlackFideId "8603847"]
[EventDate "2016.07.28"]

1. e4 c6 2. d4 d5 3. Nd2 dxe4 4. Nxe4 Bf5 5. Ng3 Bg6 6. Nf3 Nd7 7. Bd3 e6 8. O-O
Ngf6 9. Re1 Be7 10. c4 O-O 11. Bxg6 hxg6 12. Qe2 Qc7 13. b3 a5 14. Bb2 a4 15.
Ne5 Nxe5 16. dxe5 Nd7 17. Bc3 Rfd8 18. Red1 axb3 19. axb3 Rxa1 20. Rxa1 Nc5 21.
Qc2 Nd3 22. Qe2 Qb6 23. Ba5 Qd4 24. Bxd8 Qxa1+ 25. Nf1 Nc1 26. Qd1 Bc5 27. Bg5
Qb2 28. Be3 Ne2+ 29. Kh1 Bxe3 30. fxe3 Kh7 31. Qe1 g5 32. Qf2 Kg8 33. h4 g4 34.
h5 Qc2 35. Kh2 Qd3 36. Ng3 Nxg3 37. Kxg3 Qxb3 38. Qf4 Qd3 39. h6 gxh6 40. Qxh6
Qf5 41. Qh4 Qxe5+ 42. Kf2 Qf5+ 43. Kg1 Kg7 44. Qe7 g3 0-1

[Event "CHN Team Men 2016"]
[Site "Wuxi CHN"]
[Date "2016.08.03"]
[Round "8.7"]
[Board "1"]
[White "Zhang, Fuhan"]
[Black "Ma, Zhonghan"]
[Result "0-1"]
[BlackTitle "IM"]
[WhiteElo "1911"]
[BlackElo "2461"]
[WhiteTeam "Shanxi Huxiaoling"]
[BlackTeam "Qingdao"]
[WhiteFideId "8616493"]
[BlackFideId "8607206"]
[EventDate "2016.07.28"]

1. e4 d6 2. d4 Nf6 3. Nc3 g6 4. g3 Bg7 5. Bg2 O-O 6. Nge2 e5 7. dxe5 dxe5 8.
Qxd8 Rxd8 9. Bg5 Na6 10. Nd5 Rd6 11. O-O-O Bg4 12. Rhe1 Re8 13. f3 Nxd5 14. exd5
Bd7 15. c4 c5 16. Be3 b6 17. Nc3 f5 18. a3 Rc8 19. Kc2 Nb8 20. Bf1 a5 21. b3 Na6
22. Rb1 Kf7 23. Bd2 h5 24. f4 e4 25. h4 Bd4 26. Nd1 a4 27. b4 cxb4 28. axb4 Bb5
29. Ne3 Bxe3 30. Rxe3 Bxc4 31. Rc3 Bxf1 32. Rxc8 Bd3+ 33. Kc1 Bxb1 34. b5 Nc5
35. Be3 Bd3 36. Bxc5 bxc5 37. Rxc5 Rb6 38. Rc7+ 0-1

[Event "CHN Team Men 2016"]
[Site "Wuxi CHN"]
[Date "2016.08.04"]
[Round "9.2"]
[Board "1"]
[White "Dai, Changren"]
[Black "Bu, Xiangzhi"]
[Result "1/2-1/2"]
[BlackTitle "GM"]
[WhiteElo "2351"]
[BlackElo "2723"]
[WhiteTeam "Tianjing Chunhua"]
[BlackTeam "Shandong"]
[WhiteFideId "8608156"]
[BlackFideId "8601445"]
[EventDate "2016.07.28"]

1. e4 e5 2. Nf3 d6 3. d4 exd4 4. Nxd4 Nf6 5. Nc3 Be7 6. g3 O-O 7. Bg2 Re8 8. O-O
Bf8 9. h3 c6 10. g4 g6 11. Nde2 b5 12. Ng3 b4 13. Nce2 d5 14. exd5 Nxd5 15. Nf4
Bb7 16. a3 bxa3 17. bxa3 Nd7 18. Nxd5 cxd5 19. Bb2 Qc7 20. Qd4 Qe5 21. Rfb1 Qxd4
22. Bxd4 Nb6 23. Bxb6 axb6 24. Rxb6 Ra7 25. c4 Rd8 26. Rab1 Rd7 27. R1b5 Ba6 28.
Rxd5 Bxc4 29. Rxd7 Rxd7 30. Rc6 Rd1+ 31. Kh2 Bb5 32. Rc3 Bd6 33. Bc6 Bxc6 34.
Rxc6 Bxa3 35. Rc2 Bd6 36. Kg2 Rd4 37. Rc8+ Kg7 38. Rd8 Kf6 39. Re8 Be7 40. Kf3
Rd7 41. Ne4+ Kg7 42. Ng3 h6 43. Rc8 Kf6 44. Ne4+ Ke5 45. Re8 f5 46. gxf5 gxf5
47. Ng3 Kf6 48. Rh8 Kg6 49. Rg8+ Kf7 50. Rh8 Kg7 51. Ra8 Rd3+ 52. Kf4 Kg6 53.
Rg8+ Kf7 54. Ra8 Bd6+ 1/2-1/2

[Event "CHN Team Men 2016"]
[Site "Wuxi CHN"]
[Date "2016.08.04"]
[Round "9.3"]
[Board "1"]
[White "Xu, Xiangyu"]
[Black "Zhou, Jianchao"]
[Result "1/2-1/2"]
[BlackTitle "GM"]
[WhiteElo "2466"]
[BlackElo "2620"]
[WhiteTeam "Chengdu"]
[BlackTeam "Shanghai"]
[WhiteFideId "8608288"]
[BlackFideId "8603537"]
[EventDate "2016.07.28"]

1. e4 c5 2. Nf3 e6 3. d4 cxd4 4. Nxd4 Nc6 5. Nc3 a6 6. Be3 Nf6 7. Nxc6 bxc6 8.
e5 Nd5 9. Nxd5 cxd5 10. Bd4 Qc7 11. Bd3 Bc5 12. Qg4 Bxd4 13. Qxd4 a5 14. O-O Ba6
15. c4 dxc4 16. Rac1 Qa7 17. Qxa7 Rxa7 18. Bxc4 Bxc4 19. Rxc4 Ke7 20. f4 a4 21.
Rf2 Rb8 22. Rd2 Rab7 23. Rcd4 Rxb2 24. Rxd7+ Ke8 25. Kf2 Rxa2 26. Rxa2 Kxd7 27.
Rxa4 Rb2+ 28. Kf3 Rb3+ 29. Ke4 Rb2 30. Kf3 Rb3+ 1/2-1/2

[Event "CHN Team Men 2016"]
[Site "Wuxi CHN"]
[Date "2016.08.04"]
[Round "9.4"]
[Board "1"]
[White "Li, Chao b"]
[Black "Zhang, Fuhan"]
[Result "1/2-1/2"]
[WhiteTitle "GM"]
[WhiteElo "2758"]
[BlackElo "1911"]
[WhiteTeam "Beijing Beiao"]
[BlackTeam "Shanxi Huxiaoling"]
[WhiteFideId "8604436"]
[BlackFideId "8616493"]
[EventDate "2016.07.28"]

1. d4 f5 2. Nf3 Nf6 3. g3 g6 4. Bg2 Bg7 5. c4 d6 6. Nc3 O-O 7. O-O c6 8. b4 Qe8
9. Rb1 Na6 10. Qb3 e5 11. b5 Nc7 12. Ba3 e4 13. Ng5 Ne6 14. Nxe6 Qxe6 15. bxc6
bxc6 16. d5 cxd5 17. cxd5 Qd7 18. Qb4 Ba6 19. Qxd6 Qxd6 20. Bxd6 Rfd8 21. Be5
Nxd5 22. Bxg7 Kxg7 23. Nxd5 Rxd5 24. f3 Re8 25. fxe4 fxe4 26. Rb2 Rd6 27. Rc1 e3
28. Rc7+ Kh6 29. h4 Rd1+ 30. Kh2 Rd2 31. g4 g5 32. Rbc2 Rxc2 33. Rxc2 Rc8 34.
Rxc8 Bxc8 35. Kg3 Ba6 36. Bf3 Bc4 37. a3 Bb5 38. hxg5+ Kxg5 39. Be4 Bxe2 40.
Bxh7 Bxg4 41. Be4 a5 42. Bf3 Bf5 43. Bc6 1/2-1/2

[Event "CHN Team Men 2016"]
[Site "Wuxi CHN"]
[Date "2016.08.04"]
[Round "9.5"]
[Board "1"]
[White "Zeng, Chongsheng"]
[Black "Wang, Yiye"]
[Result "1-0"]
[WhiteTitle "GM"]
[BlackTitle "IM"]
[WhiteElo "2552"]
[BlackElo "2450"]
[WhiteTeam "Guangdong"]
[BlackTeam "Heilongjiang Qipai"]
[WhiteFideId "8603847"]
[BlackFideId "8606021"]
[EventDate "2016.07.28"]

1. e4 e6 2. d4 d5 3. Nc3 dxe4 4. Nxe4 Bd7 5. Nf3 Bc6 6. Bd3 Nd7 7. O-O Ngf6 8.
Nxf6+ Nxf6 9. c3 Bxf3 10. Qxf3 Qd5 11. Qe2 Qh5 12. f3 Bd6 13. g3 c6 14. a4 Bc7
15. b4 O-O 16. f4 Qxe2 17. Bxe2 a5 18. b5 cxb5 19. axb5 Bb6 20. Bb2 Rfd8 21.
Rfd1 Nd5 22. Kf2 Rd7 23. c4 Ne7 24. c5 Bd8 25. b6 Nc6 26. Bb5 Bf6 27. Ke3 Rdd8
28. Bxc6 bxc6 29. Rd3 Ra6 30. Rda3 1-0

[Event "CHN Team Men 2016"]
[Site "Wuxi CHN"]
[Date "2016.08.04"]
[Round "9.6"]
[Board "1"]
[White "Ma, Zhonghan"]
[Black "Ma, Ling"]
[Result "1-0"]
[WhiteTitle "IM"]
[WhiteElo "2461"]
[BlackElo "1951"]
[WhiteTeam "Qingdao"]
[BlackTeam "Shaanxi"]
[WhiteFideId "8607206"]
[BlackFideId "8610533"]
[EventDate "2016.07.28"]

1. d4 Nf6 2. c4 c5 3. d5 e6 4. Nc3 exd5 5. cxd5 d6 6. Nf3 g6 7. h3 Bg7 8. e4 O-O
9. Bd3 a6 10. a4 Nbd7 11. O-O Qe7 12. Bf4 Nh5 13. Bg5 Bf6 14. Be3 Bg7 15. Be2
Nhf6 16. Nd2 Rb8 17. Qc2 Re8 18. Rfe1 h6 19. f4 Nf8 20. Bf2 g5 21. e5 dxe5 22.
fxe5 N6d7 23. e6 fxe6 24. Bh5 Rd8 25. Nde4 Bd4 26. Rad1 e5 27. d6 Qe6 28. Bg4
Qf7 29. Rf1 Qg7 30. Nd5 Ng6 31. Bxd4 exd4 32. Bxd7 Bxd7 33. Nef6+ Kh8 34. Nh5 1-0

[Event "CHN Team Men 2016"]
[Site "Wuxi CHN"]
[Date "2016.08.04"]
[Round "9.7"]
[Board "1"]
[White "Lu, Shanglei"]
[Black "Lin, Yi"]
[Result "1-0"]
[WhiteTitle "GM"]
[WhiteElo "2611"]
[BlackElo "2119"]
[WhiteTeam "Zhejiang Feiao"]
[BlackTeam "Shenzhen Qiyuan"]
[WhiteFideId "8603332"]
[BlackFideId "8609659"]
[EventDate "2016.07.28"]

1. e4 e5 2. Nf3 Nf6 3. Qe2 Nc6 4. g3 Bc5 5. Bg2 O-O 6. O-O Re8 7. d3 d5 8. c3
Bg4 9. h3 Be6 10. Ng5 dxe4 11. dxe4 Qe7 12. b4 Bd6 13. Be3 Bd7 14. Nd2 Nd8 15.
Ngf3 b5 16. Nh4 c5 17. Nf5 Bxf5 18. exf5 Rb8 19. a3 h6 20. Ne4 Nxe4 21. Bxe4 a6
22. Rfd1 Nb7 23. Qf3 Red8 24. f6 1-0